International financial management

Αποθηκεύτηκε σε:
Λεπτομέρειες βιβλιογραφικής εγγραφής
Άλλοι συγγραφείς: Stonehill, Arthur I., Moffett, Michael H.
Μορφή: Βιβλίο
Γλώσσα:English
Δημοσίευση: London, New York : Routledge, 1993
Σειρά:United Nations library on transnational corporations ; ; 5
Θέματα:
Ετικέτες: Προσθήκη ετικέτας
Δεν υπάρχουν, Καταχωρήστε ετικέτα πρώτοι!

MARC

LEADER 00000nam a2200000 i 4500
001 1/24831
008 960719s1993 eng d
020 |a 0-415-08538-1 
035 |l 10022376 
040 |a GR-MY-UA  |b gre  |e aacr 
041 0 |a eng 
082 0 |a 658.15 
245 1 0 |a International financial management /  |c Edited by:Arthur I.Stonehill, Michael H.Moffett 
260 |a London, New York :   |b Routledge,   |c 1993 
300 |a 388 p. 
490 1 |a United Nations library on transnational corporations  |v ; 5 
500 |a Includes index 
650 0 0 |a International finance. 
700 1 |a Stonehill, Arthur I. 
700 1 |a Moffett, Michael H. 
830 0 |a United Nations library on transnational corporations ;  |v ; 5 
852 |a INST  |b CHIOS  |e 19960719  |h 658.15 INT  |p 005200007097  |q 005200007097  |t BK  |y 0  |z v.5 
852 |a INST  |b CHIOS  |e 19960719  |h 658.15 INT  |p 005200007097  |q 005200007097  |t BK  |v v.5:  |y 0  |z v.5 
853 |a INST  |b CHIOS  |h 658.15 INT 
909 |a Χ  |b 040361